Understanding computers : today & tomorrow (Record no. 17869)

MARC details
000 -LEADER
fixed length control field 00454nam a2200181Ia 4500
003 - CONTROL NUMBER IDENTIFIER
control field OSt
005 - DATE AND TIME OF LATEST TRANSACTION
control field 20230609093046.0
008 - FIXED-LENGTH DATA ELEMENTS--GENERAL INFORMATION
fixed length control field 230312s9999||||xx |||||||||||||| ||und||
020 ## - INTERNATIONAL STANDARD BOOK NUMBER
International Standard Book Number 9781305656314
040 ## - CATALOGING SOURCE
Transcribing agency Superior University
082 ## - DEWEY DECIMAL CLASSIFICATION NUMBER
Classification number 004
Item number MOR-U
100 ## - MAIN ENTRY--PERSONAL NAME
Personal name Morley,Deborah
245 #0 - TITLE STATEMENT
Title Understanding computers : today & tomorrow
260 ## - PUBLICATION, DISTRIBUTION, ETC.
Name of publisher, distributor, etc. Cengage
Place of publication, distribution, etc. USA
Date of publication, distribution, etc. 2018
300 ## - PHYSICAL DESCRIPTION
Extent 582
650 ## - SUBJECT ADDED ENTRY--TOPICAL TERM
Topical term or geographic name entry element Mass media
Form subdivision Mass media
942 ## - ADDED ENTRY ELEMENTS (KOHA)
Koha item type BOOK
Source of classification or shelving scheme Dewey Decimal Classification
Holdings
Withdrawn status Lost status Source of classification or shelving scheme Damaged status Not for loan Home library Current library Date acquired Total Checkouts Full call number Barcode Date last seen Date last checked out Price effective from Koha item type
    Dewey Decimal Classification     Superior Information Resource Center (SIRC) Superior University- Gold Campus Superior Information Resource Center (SIRC) Superior University- Gold Campus 03/13/2023 2 384.097 STR-U 18770 12/17/2025 12/08/2025 03/13/2023 BOOK
    Dewey Decimal Classification     Superior Information Resource Center (SIRC) Superior University- Gold Campus Superior Information Resource Center (SIRC) Superior University- Gold Campus 06/09/2023 3 384.097 STR-U 2017 19282 01/02/2024 12/20/2023 06/09/2023 BOOK

Powered by Koha